Islam Resurgent (Record no. 347406)
[ view plain ]
| 000 -LEADER | |
|---|---|
| fixed length control field | 00348 a2200133 4500 |
| 082 ## - DEWEY DECIMAL CLASSIFICATION NUMBER | |
| Classification number | 909.097671 |
| 090 ## - LOCALLY ASSIGNED LC-TYPE CALL NUMBER (OCLC); LOCAL CALL NUMBER (RLIN) | |
| -- | 4978 |
| -- | 4978 |
| 100 ## - MAIN ENTRY--PERSONAL NAME | |
| Personal name | Irving,T.B. |
| 245 ## - TITLE STATEMENT | |
| Title | Islam Resurgent |
| Remainder of title | The Islamic World Today |
| Statement of responsibility, etc. | Prof.T.B.Irving |
| 260 ## - PUBLICATION, DISTRIBUTION, ETC. | |
| Place of publication, distribution, etc. | Pakistan |
| Name of publisher, distributor, etc. | Suhail Academy |
| Date of publication, distribution, etc. | 1999 |
| 300 ## - PHYSICAL DESCRIPTION | |
| Extent | 300p |
| 500 ## - GENERAL NOTE | |
| General note | Hard cover |
| 942 ## - ADDED ENTRY ELEMENTS (KOHA) | |
| Institution code [OBSOLETE] | NBS |
| Koha item type | Book |
| Call number prefix | 909.097671 IRV |
| Withdrawn status | Lost status | Damaged status | Not for loan | Permanent Location | Current Location | Date acquired | Total Checkouts | Full call number | Barcode | Checked out | Date last seen | Date last checked out | Price effective from | Koha item type | Source of classification or shelving scheme | Materials specified (bound volume or other part) | Shelving location | Public note |
|---|---|---|---|---|---|---|---|---|---|---|---|---|---|---|---|---|---|---|
| Central Library (CL) | Central Library (CL) | 08/28/2013 | 3 | 909.097671 IRV | NBS1977 | 11/15/2025 | 10/16/2025 | 10/16/2025 | 08/28/2013 | Book | ||||||||
| Central Library (CL) | Central Library (CL) | 08/28/2013 | 1 | 909.097671 IRV | NBS1976 | 11/23/2017 | 08/29/2017 | 08/28/2013 | Book | CSS Corner Book | Central Superior Services | CSS Corner Book |
